000 00534nam a22001937a 4500
003 OSt
005 20171020212021.0
008 131016b xxu||||| |||| 00| 0 eng d
020 _a8-1899-1593-2
040 _aLDCLIB
_cLDCLIB
082 _221
_a341.48
_bSRE
100 _aSreenivasulu, N.S.
245 _aHuman Rights :
_bmany sides to a coin /
_cSreenivasulu, N.S.
260 _aNew Delhi :
_bRegal Publications,
_c2008.
300 _axvi, 405 p. ;
_c24 cm.
500 _aIncludes Index
650 _aHuman rights
942 _2ddc
_cBK
999 _c5770
_d5770